[Event "HUN-ch Rapid 2019"]
[Site "Ajka"]
[Date "2019.07.20"]
[Round "5.2"]
[White "Marosi, Levente"]
[Black "Almasi, Zoltan"]
[Result "0-1"]
[WhiteElo "2225"]
[BlackElo "2687"]
[Annotator "TA"]
[PlyCount "112"]
[EventDate "2019.07.18"]
[EventType "swiss"]
[EventCountry "HUN"]
[SourceTitle "playchess.com"]
[Source "ChessBase"]
[SourceQuality "1"]

{[%evp 12,112,49,23,20,10,16,12,27,-15,-7,-35,8,8,6,0,8,4,4,-6,1,0,8,4,20,-14,-20,-22,-38,-44,-41,-60,-34,-45,-32,-63,0,-11,0,0,0,0,7,0,0,0,0,-6,0,-37,0,0,0,0,0,0,0,0,0,-11,-8,-33,-24,0,0,0,0,-26,-25,-25,0,-3,-7,-5,0,0,0,-169,-169,-169,-154,-534,-532,-509,-284,-318,-237,-922,-918,-940,-922,-1817,-1523,-29981,-29982,-29982,-29983,-29983,-29984,-29984,-29985,-29989,-29990]} 1. e4 d6 2. d4 g6 3. Nc3 Bg7 4. Be3 a6 5. Qd2 b5 6. f3 Nd7 7. g4 Nb6 {B06: Modern Defence} (7... h5 8. gxh5 Rxh5 9. Nge2 Ngf6 10. h4 c5 11. Ng3 Rh8 12. dxc5 Nxc5 13. O-O-O Qa5 14. Kb1 Be6 15. Bd4 {1-0 (25) Amin,B (2635)-Svidler,P (2753) Dubai 2014}) 8. h4 h5 $1 9. g5 e6 {The position is equal.} 10. Bd3 Ne7 11. Nge2 $146 ({Predecessor:} 11. O-O-O O-O 12. Nh3 Rb8 13. b3 c5 14. dxc5 dxc5 15. Bf1 Qxd2+ 16. Bxd2 {½-½ (39) Hartmann,L (2343)-Gil,M (2521) ICCF email 2009}) 11... b4 12. Nd1 a5 {[%cal Ba6a5,Ba5a4][%mdl 32]} 13. a3 bxa3 14. Rxa3 a4 15. Ndc3 O-O 16. O-O Bd7 17. Ng3 Qc8 18. b3 axb3 19. Rxb3 Nc6 20. Nce2 Na5 21. Rb4 d5 22. Bf2 Nbc4 23. Qc1 Re8 (23... c5 $1 $15 24. dxc5 Ne5) 24. f4 $11 Nd6 (24... Bf8 {is interesting.} 25. Rb1 dxe4 26. Nxe4 Bg7 27. N2c3 Qd8) 25. e5 $1 {[%cal Re5d6]} Nf5 26. Nxf5 exf5 27. Qd2 Bf8 28. Rbb1 Be6 29. Nc3 {[%cal Be2c3,Bc3d1,Bd1e3][%mdl 32]} Rd8 30. Qe2 Qd7 31. Ra1 Nc4 32. Rfb1 Qc6 33. Nd1 Rxa1 34. Rxa1 Rb8 35. Ne3 Nb2 36. Rb1 Rb6 37. Be1 Qa4 38. c3 $1 Nxd3 39. Qxd3 Rxb1 40. Qxb1 c5 41. Qc2 Qa1 42. Qd1 $132 {[%mdl 2048] White is not holding back} Qa2 43. Qc2 Qa3 {Strongly threatening ...cxd4.} 44. Bd2 $2 (44. Kf2 $11 {and White is okay.}) 44... cxd4 $19 45. cxd4 Qa1+ {[%mdl 64] [#] Double Attack} 46. Kf2 $2 (46. Nd1 $17 {is tougher.}) 46... Qxd4 47. Kg3 Qa1 48. Qc1 Qa7 49. Qc2 $2 (49. Nc2) 49... d4 50. Ng2 Qa3+ 51. Kh2 Qf3 52. Be1 d3 {Black mates.} 53. Qf2 Qxf2 {[%mdl 64] [#] Overworked Piece} 54. Bxf2 d2 55. Ne3 Bb3 56. Kg2 Bc5 {Accuracy: White = 46%, Black = 67%.} 0-1

[Event "HUN-ch Rapid 2019"]
[Site "Ajka"]
[Date "2019.07.20"]
[Round "5.3"]
[White "Balog, Imre"]
[Black "Vertetics, Attila"]
[Result "1/2-1/2"]
[WhiteElo "2566"]
[BlackElo "2438"]
[Annotator "TA"]
[PlyCount "153"]
[EventDate "2019.07.18"]
[EventType "swiss"]
[EventCountry "HUN"]
[SourceTitle "playchess.com"]
[Source "ChessBase"]
[SourceQuality "1"]

{[%evp 16,153,6,8,9,9,9,0,9,2,10,11,10,10,45,9,17,8,4,15,64,29,64,46,63,0,144,149,144,147,140,98,133,112,108,118,133,112,108,107,110,15,85,85,62,63,113,92,107,103,110,110,211,116,108,76,85,37,37,0,0,0,0,0,0,0,0,0,0,0,0,0,0,-38,0,0,0,0,0,-5591,0,0,0,0,0,0,0,0,0,0,0,0,0,0,0,0,0,0,0,0,0,0,0,0,0,0,0,0,0,0,0,0,0,0,0,0,0,0,0,0,0,0,0,0,0,0,0,0,0,0,0,0,0,0,0,0,0,0,0,0]} 1. c4 Nf6 2. Nf3 b6 3. g3 Bb7 4. Bg2 g6 5. O-O Bg7 6. Nc3 O-O 7. Re1 c5 8. e4 Nc6 9. e5 Ne8 {A30: Symmetrical English: Double Fianchetto and Hedgehog} 10. d4 Nxd4 11. Nxd4 Bxg2 12. Kxg2 {aiming for Nf3.} cxd4 13. Qxd4 d6 14. Bf4 $36 {[%mdl 2048] Black is under pressure.} Nc7 {[#]} 15. Qe4 $146 ({Predecessor:} 15. Rad1 Ne6 {1-0 (42) Stojanovic,M (2584)-Cabrilo,G (2492) Kragujevac 2009}) 15... Ne6 16. Rad1 {[%cal Re5d6]} Nxf4+ 17. gxf4 Qd7 18. h3 Rad8 19. b3 Rfe8 20. Nd5 (20. a4 $14) 20... Kh8 {[#]} (20... e6 $11 21. Nb4 Bf8) 21. e6 $1 $16 {[%cal Re6d7]} fxe6 22. Qxe6 Qb7 23. h4 b5 24. cxb5 Qxb5 25. Re3 Rf8 26. h5 gxh5 27. Rh1 Qe8 28. f5 (28. Reh3 $16 Qd7 29. Qxe7) 28... Qf7 (28... Bf6 $11) 29. Qxf7 Rxf7 30. Rxh5 Rd7 31. f4 a5 32. Re4 Rb7 33. Kf3 Kg8 {[#]} (33... Bb2 $16) 34. Rc4 ({White should try} 34. Ra4 $1 $18) 34... Rf8 35. Ke4 h6 36. Rh1 Kf7 37. Rhc1 h5 38. Ra4 Rb5 39. Rac4 Rb7 40. Rg1 Rh8 41. Rc2 Bf6 42. Rcg2 h4 43. Rg6 h3 44. Nxf6 {Strongly threatening Rg7+.} h2 45. Rg7+ Kf8 46. Rg8+ Rxg8 47. Rxg8+ $11 {[%mdl 4096] Endgame KRN-KR} Kf7 48. Rh8 {Nd5 is the strong threat.The position is equal.} Kxf6 {KR-KR} 49. Rh6+ Kf7 50. Rxh2 Rb4+ 51. Kf3 a4 52. Rb2 Kf6 53. Kg4 d5 54. Rd2 axb3 55. axb3 Rxb3 56. Rxd5 Rb1 57. Re5 Rg1+ 58. Kf3 Rf1+ 59. Kg3 Rg1+ 60. Kf2 Rg4 61. Ke3 Rg1 62. Ra5 Rb1 63. Kf3 Rf1+ 64. Kg3 Rg1+ 65. Kf2 Rb1 66. Ke3 Re1+ 67. Kd3 (67. Kf2 $5 {[%cal Rf2e1]} Rb1 68. Re5 $11) 67... Rb1 68. Rc5 Re1 69. Kd4 Rd1+ 70. Ke3 Re1+ 71. Kf2 Re4 72. Kg3 Re1 73. Rb5 Rg1+ 74. Kf2 Rc1 75. Re5 Rc3 76. Ke2 Rb3 77. Kf2 {Accuracy: White = 61%, Black = 66%.} 1/2-1/2

[Event "HUN-ch Rapid 2019"]
[Site "Ajka"]
[Date "2019.07.20"]
[Round "5.4"]
[White "Gledura, Benjamin"]
[Black "Mihok, Oliver"]
[Result "1/2-1/2"]
[WhiteElo "2654"]
[BlackElo "2550"]
[Annotator "TA"]
[PlyCount "136"]
[EventDate "2019.07.18"]
[EventType "swiss"]
[EventCountry "HUN"]
[SourceTitle "playchess.com"]
[Source "ChessBase"]
[SourceQuality "1"]

{[%evp 13,136,33,26,36,65,58,48,64,54,64,60,48,72,29,71,78,95,77,51,0,0,0,0,0,112,-8,-24,-12,-18,-25,77,17,16,0,55,0,18,0,0,0,0,0,0,0,0,0,0,-12,-27,-12,-15,-12,0,-45,-35,-41,-47,-52,-22,-32,0,-15,-30,-18,-22,-44,0,-36,-35,-90,-90,-95,0,0,0,-255,-199,-184,-186,-186,-181,-247,-248,-200,-237,-261,-178,-178,-170,-346,-82,-82,-82,-82,-82,-82,-82,-82,-82,-82,-81,-81,-81,-81,-71,-82,-71,-82,-71,-82,-82,-82,0,0,0,0,0,0,0,-1,0,-8,0,-8,0]} 1. d4 Nf6 2. c4 g6 3. Nc3 Bg7 4. e4 d6 5. Nf3 O-O 6. h3 e5 7. d5 Nh5 8. g3 {E90: King's Indian: Classical: Early deviations and 6 h3} Qe8 9. Be2 f5 10. exf5 {White is slightly better.} gxf5 11. Nh4 Nf6 12. Qc2 Na6 13. a3 ({Much worse is} 13. Nxf5 Bxf5 14. Qxf5 Nxd5 $15) 13... Nc5 14. Be3 f4 $146 ({Predecessor:} 14... Bd7 15. Bxc5 dxc5 16. Nxf5 Bxf5 17. Qxf5 Nxd5 {1-0 (54) Holt,C (2574)-Bregadze,L (2435) Orlando 2014}) 15. Bxc5 dxc5 16. Ne4 (16. O-O-O $14) 16... Nxe4 $11 17. Qxe4 Bf6 18. Bd3 {[%csl Gd3][%cal Re4h7]} Qe7 (18... Qh5 $11 {remains equal.}) 19. Ng2 (19. Rg1 $16 Rf7 20. Nf3 (20. gxf4+ Kf8 $14)) 19... fxg3 20. fxg3 Bg5 21. g4 Bh4+ (21... Bd7 $11 {keeps the balance.}) 22. Kd1 (22. Nxh4 $16 Qxh4+ 23. Kd2) 22... Bd7 23. Kc2 Rf2+ (23... Bf2 $11) 24. Kc3 ({White should play} 24. Kb3 $14) 24... Bf6 {Threatens to win with ...Rxg2!} 25. Kb3 Be8 {Hoping for ...Bg6.} 26. Raf1 Bg6 27. Rxf2 Bxe4 28. Bxe4 Rb8 29. Rhf1 Bg7 30. Ne3 b5 31. Ka2 bxc4 32. Nxc4 Rf8 33. Bf5 {Black should prevent Be6+.} Kh8 34. Re2 e4 35. Rfe1 Qd8 36. Bxe4 Qf6 37. Rd1 Rb8 38. Rdd2 Bh6 39. Rc2 Bg7 {[%mdl 1024] Black has compensation.} 40. h4 Qd4 $36 {[%mdl 2048] Black has the initiative.} 41. g5 (41. Na5 $15) 41... Re8 $1 $17 {[%cal Re8e4]} 42. Nd2 {Threatening Nb3.} c4 (42... Qa4 $1 $17 {[%cal Ra4c2] And now ...Qxc2! would win.} 43. Nc4 (43. Rxc5 $2 Rb8 $19) 43... Rxe4 $1 {[%mdl 576] Remove Defender} 44. Rxe4 Qxc2 45. Re8+ Bf8 $1 {[%mdl 512]} 46. Rxf8+ Kg7) 43. h5 $1 $11 {[#]} c3 $1 {[%mdl 512]} 44. bxc3 $2 {[%mdl 8192]} (44. Rxc3 $11 Rb8 45. Nb3) 44... Qc5 {aiming for ...Bf8.} 45. Nb3 Qc4 46. Bd3 Rxe2 47. Rxe2 (47. Bxe2 $142 Qxd5 48. g6) 47... Qxd3 $19 48. Re8+ {[#]} Bf8 $1 {[%mdl 512]} 49. Rxf8+ {[%mdl 4096] Endgame KQ-KRN} Kg7 50. Rf2 Qxd5 51. g6 $2 {[#]} (51. Kb2) 51... hxg6 $2 (51... h6 $1 $19 {and Black stays clearly on top.} 52. Rf7+ Kg8) 52. hxg6 $17 Kxg6 53. Rd2 Qc4 54. Kb2 Kf6 55. Rd4 Qe2+ 56. Rd2 Qb5 57. Rd4 Ke7 58. a4 Qe2+ 59. Rd2 Qe1 60. Rd4 Qf2+ 61. Rd2 Qf5 62. a5 c5 (62... Qe5 $17 63. Kc2 Qf5+ 64. Kb2 Qe5) 63. c4 $1 $11 {The position is equal.} Qe5+ 64. Kc2 Qe4+ 65. Kc3 Qe3+ 66. Kc2 Qe4+ 67. Kc3 Qe5+ 68. Kc2 $1 Qe4+ {Accuracy: White = 50%, Black = 48%.} 1/2-1/2

[Event "HUN-ch Rapid 2019"]
[Site "Ajka"]
[Date "2019.07.20"]
[Round "5.5"]
[White "Aczel, Gergely"]
[Black "Ruck, Robert"]
[Result "1/2-1/2"]
[WhiteElo "2540"]
[BlackElo "2524"]
[Annotator "TA"]
[PlyCount "113"]
[EventDate "2019.07.18"]
[EventType "swiss"]
[EventCountry "HUN"]
[SourceTitle "playchess.com"]
[Source "ChessBase"]
[SourceQuality "1"]

{[%evp 9,113,6,46,16,37,35,34,40,38,27,24,28,48,45,53,33,48,47,33,36,39,30,60,0,0,0,21,0,0,10,0,0,26,24,30,29,40,18,13,0,0,-43,0,0,0,0,0,-92,-99,-113,-106,-96,-96,-108,-66,-104,-110,-112,-110,-109,-115,-105,-97,-133,-119,-163,-152,-200,-178,-200,-192,-190,-191,-200,-200,-232,-95,-95,-108,-90,-95,-89,-79,-108,-58,-58,-58,-95,-58,-58,-8,-8,-8,-46,-46,-46,-53,-53,0,0,0,0,0,0,0,0]} 1. d4 Nf6 2. c4 e6 3. Nc3 Bb4 4. e3 O-O 5. Bd3 d6 6. Bd2 {E47: Nimzo-Indian: Rubinstein: 5 Bd3 without ...d5} e5 7. Nge2 exd4 $146 ({Predecessor:} 7... Qe7 8. O-O Bxc3 9. Nxc3 e4 10. Bc2 Bg4 11. f3 exf3 12. gxf3 Bh3 13. Rf2 {1-0 (30) Heberla,B (2546)-Malec,S (2132) Warsaw 2018}) 8. exd4 {White is slightly better.} d5 9. cxd5 Nxd5 10. O-O Nc6 11. a3 Be7 12. Qc2 g6 13. Rad1 Bg4 14. Bh6 Re8 15. Ne4 Bf6 16. Nxf6+ ({White should try} 16. f3 $14 Bf5 17. Bc4 (17. Nxf6+ Qxf6 18. Be4 Rad8 $14)) 16... Qxf6 $11 17. f3 Bf5 ({Don't play} 17... Nxd4 $6 18. Nxd4 Qxd4+ 19. Kh1 $16) (17... Be6 {is interesting.} 18. Qc1 Nxd4 19. Nxd4 Qxd4+ 20. Kh1 Qb6) 18. Bxf5 Qxf5 (18... gxf5 $5 19. Bc1 $8 Rad8 $11) 19. Qxf5 gxf5 20. Nc3 (20. Ng3 {seems wilder.} Nce7 21. Rde1 f6 22. Bd2 Kf7 23. Re2) 20... Nxc3 21. bxc3 Na5 22. d5 Nc4 23. Rd4 Nxa3 24. g4 Nb5 25. Rf4 Nd6 26. gxf5 {Strongly threatening Rg4+.} Kh8 27. f6 Re5 28. c4 {[#]} (28. Rg4 $11) 28... Nf5 $1 $36 {[%cal Rf5h6][%mdl 2048] Black is really pushing.} 29. Bg7+ Nxg7 30. fxg7+ {[%mdl 64] Discovered Attack} Kxg7 {[%mdl 4096] Endgame KRR-KRR} 31. Kf2 Rae8 32. Rd1 b6 33. d6 cxd6 34. Rxd6 R8e6 35. Rd7 Re7 36. Rfd4 Kf6 37. R4d6+ {[#]} R5e6 $1 38. Rd5 Rc6 39. Rd4 Rxd7 40. Rxd7 $19 {KR-KR} a5 ({Don't do} 40... Rxc4 41. Rxa7 b5 42. Ra6+ Kg5 43. Ra5 $17) 41. Rb7 a4 ({But not} 41... Rxc4 42. Rxb6+ Ke7 43. Ke3 $17) 42. Ke3 a3 (42... Rxc4 $19 {Hoping for ...Rb4.} 43. Rxb6+ Kg5) 43. Ra7 $17 Rxc4 {White must now prevent ...Rc3+.} 44. Rxa3 b5 45. Ra6+ Kg5 46. Rb6 Rb4 (46... Rc3+ {looks sharper.} 47. Kf2 Rc5 48. Rb7 Kg6 49. Ke3 f6) 47. Rb7 Kg6 48. Kf2 h5 49. h4 f6 50. Kg3 Rb1 51. Kf4 b4 52. Rb6 b3 53. Rb5 Kh6 (53... b2 $15) 54. Kf5 $11 {The position is equal.} b2 55. Kxf6 Rf1 56. Rxb2 Rxf3+ 57. Ke5 {Accuracy: White = 52%, Black = 61%.} 1/2-1/2

[Event "HUN-ch Rapid 2019"]
[Site "Ajka"]
[Date "2019.07.20"]
[Round "5.6"]
[White "Czebe, Attila"]
[Black "Egresi, Mate"]
[Result "1-0"]
[WhiteElo "2436"]
[BlackElo "2341"]
[Annotator "TA"]
[PlyCount "97"]
[EventDate "2019.07.18"]
[EventType "swiss"]
[EventCountry "HUN"]
[SourceTitle "playchess.com"]
[Source "ChessBase"]
[SourceQuality "1"]

{[%evp 19,97,-9,-10,-21,-7,-14,27,17,32,35,129,129,127,110,131,125,130,86,118,115,122,125,120,114,114,115,250,250,298,290,304,291,305,286,261,181,179,153,205,87,87,89,90,98,141,67,70,58,63,71,73,70,267,256,322,325,385,385,387,383,384,326,285,306,872,808,871,869,942,852,841,813,1071,1018,955,918,1071,1048,29998,29999]} 1. Nf3 d5 2. g3 Nf6 3. Bg2 Bf5 4. O-O c6 5. d3 e6 6. Nbd2 Be7 7. Qe1 h6 8. e4 Bh7 9. Qe2 O-O 10. Re1 a5 11. a4 {A07: Réti Opening: New York and Capablanca Systems} Na6 12. exd5 Nxd5 $146 ({Predecessor:} 12... cxd5 13. Nb3 Rc8 14. Nbd4 Bd6 15. Bh3 Re8 16. Bf4 Bxf4 17. gxf4 Nb4 18. Rad1 Nd7 {½-½ (36) Speelman,J (2620)-Sadler,M (2565) Hastings 1996}) 13. Nc4 {White has an edge.} Nc5 14. Nfe5 Nb6 (14... Nb4 $14) 15. Nxb6 $16 Qxb6 16. d4 Na6 17. Nd7 Qxd4 18. Nxf8 Rxf8 19. c3 $36 {[%mdl 2048] White is really pushing.} Qb6 20. Be3 Bc5 21. Bxc5 Nxc5 22. Qe3 Bc2 {[#]} (22... Ra8 $16 {is a better defense.}) 23. b4 $1 $18 {[%mdl 512]} axb4 {Hoping for ...b3.} 24. a5 Qb5 25. Bf1 Nd3 {Threatening ...b3.} 26. cxb4 Qf5 27. Bxd3 Bxd3 28. Rad1 Bc4 (28... Rd8 $16 {was worth a try.} 29. Qb6 Rd7) 29. Qe4 (29. Rd7 $18 {and White stays clearly on top.}) 29... Qb5 $16 30. Qd4 Bd5 31. Qb6 Qa4 32. Qxb7 (32. Rf1 $16) 32... c5 $1 $14 33. Qb6 cxb4 34. Ra1 Qb3 {White must now prevent ...Qf3.} 35. Qe3 {And now Qxb3 would win.} Qxe3 $2 ({Better is} 35... Qc4 $14) 36. fxe3 {[%mdl 4096] Endgame KRR-KRB} ({Less strong is} 36. Rxe3 Ra8 $14) 36... b3 37. e4 Bc4 38. Ra4 Bd3 39. Rb4 Bc2 40. a6 {[%cal Ba5a6,Ba6a7][%mdl 32] Threatens to win with a7.} Ra8 41. Ra1 Kf8 $2 (41... Ra7 42. Rb7 b2 43. Rxb2 Bxe4 44. Rb8+ Kh7) 42. e5 $18 Ke7 43. a7 Kd7 44. Rb8 Be4 45. Rxb3 Kc6 46. Rb8 Kc5 47. Kf2 f6 48. Ke3 {Rc1+ would kill now.} Bg2 49. Rc1+ {Accuracy: White = 75%, Black = 29%.} 1-0

[Event "HUN-ch Rapid 2019"]
[Site "Ajka"]
[Date "2019.07.20"]
[Round "5.7"]
[White "Horvath, Peter"]
[Black "Emodi, Barnabas"]
[Result "1-0"]
[WhiteElo "2418"]
[BlackElo "2365"]
[Annotator "NA"]
[PlyCount "76"]
[EventDate "2019.07.18"]
[EventType "swiss"]
[EventCountry "HUN"]
[SourceTitle "playchess.com"]
[Source "ChessBase"]
[SourceQuality "1"]
[TimeControl "1200+5"]

1. d4 {[%emt 0:03:32]} Nf6 {[%emt 0:00:10]} 2. Nf3 {[%emt 0:00:04]} e6 {[%emt 0:00:07]} 3. Bg5 {[%emt 0:00:03]} c5 {[%emt 0:00:12]} 4. e3 {[%emt 0:00:02]} Qb6 {[%emt 0:00:08]} 5. Qc1 {[%emt 0:00:35]} Ne4 {[%emt 0:00:10]} 6. Bh4 {[%emt 0:00:36]} d5 {[%emt 0:00:15]} 7. c3 {[%emt 0:00:16]} Nc6 {[%emt 0:00:18]} 8. Bd3 {[%emt 0:00:26]} f5 {[%emt 0:00:28]} 9. O-O {[%emt 0:00:47]} Bd6 {[%emt 0:01:26]} 10. Bg3 {[%emt 0:01:24]} Bxg3 {[%emt 0:00:44]} 11. hxg3 {[%emt 0:00:02]} O-O {[%emt 0:00:05]} 12. Nbd2 {[%emt 0:00:25]} Bd7 {[%emt 0:00:34]} 13. Rb1 {[%emt 0:00:46]} Rac8 {[%emt 0:01:10]} 14. Qd1 {[%emt 0:00:05]} Be8 {[%emt 0:03:22]} 15. Bc2 {[%emt 0:00:15]} Bh5 {[%emt 0:00:17]} 16. Ba4 {[%emt 0:00:11]} Qa6 {[%emt 0:03:30]} 17. Bxc6 {[%emt 0:00:56]} bxc6 {[%emt 0:00:10]} 18. Qc2 {[%emt 0:01:32]} Nxd2 {[%emt 0:00:16]} 19. Qxd2 {[%emt 0:00:02]} Bxf3 {[%emt 0:00:08]} 20. gxf3 {[%emt 0:00:02]} Qb6 {[%emt 0:03:09]} 21. b4 {[%emt 0:01:23]} c4 {[%emt 0:00:20]} 22. a4 {[%emt 0:01:45]} Rf7 {[%emt 0:00:18]} 23. Kg2 {[%emt 0:00:08]} Rb7 {[%emt 0:00:17]} 24. e4 {[%emt 0:00:32]} fxe4 {[%emt 0:01:04]} 25. fxe4 {[%emt 0:00:02]} Qd8 {[%emt 0:00:15]} 26. Rbe1 {[%emt 0:00:33]} a5 {[%emt 0:00:08]} 27. bxa5 {[%emt 0:00:17]} Qxa5 {[%emt 0:00:05]} 28. Re3 {[%emt 0:00:15]} Qxa4 {[%emt 0:00:35]} 29. exd5 {[%emt 0:00:16]} exd5 {[%emt 0:00:02]} 30. Rfe1 {[%emt 0:00:07]} Rf8 {[%emt 0:00:16]} 31. Re8 {[%emt 0:00:54]} Rbf7 {[%emt 0:00:14]} 32. Rxf8+ {[%emt 0:00:12]} Rxf8 {[%emt 0:00:02]} 33. Re7 {[%emt 0:00:06]} Rf7 {[%emt 0:00:16]} 34. Re8+ {[%emt 0:00:19]} Rf8 {[%emt 0:00:01]} 35. Qe3 {[%emt 0:00:14]} Qa7 {[%emt 0:00:57]} 36. Re7 {[%emt 0:00:31]} Qa2 {[%emt 0:00:09]} 37. Qe6+ {[%emt 0:00:20]} Kh8 {[%emt 0:00:06]} 38. Qf7 {[%emt 0:00:34]} Qa3 1-0

[Event "HUN-ch Rapid 2019"]
[Site "Ajka"]
[Date "2019.07.20"]
[Round "5.8"]
[White "Csonka, Balazs"]
[Black "Hera, Imre Jr."]
[Result "1/2-1/2"]
[WhiteElo "2472"]
[BlackElo "2610"]
[Annotator "TA"]
[PlyCount "83"]
[EventDate "2019.07.18"]
[EventType "swiss"]
[EventCountry "HUN"]
[SourceTitle "playchess.com"]
[Source "ChessBase"]
[SourceQuality "1"]

{[%evp 25,83,18,23,42,40,27,20,0,21,46,35,13,11,22,22,4,48,38,48,56,132,56,66,67,62,69,124,52,50,49,57,57,47,41,32,28,68,68,58,57,125,110,102,52,51,44,36,46,339,347,689,0,0,0,0,0,0,0,0,0]} 1. c4 c5 2. Nf3 Nc6 3. Nc3 Nf6 4. e3 e6 5. d4 d5 6. cxd5 exd5 7. Bb5 Bd6 8. dxc5 Bxc5 9. O-O O-O 10. b3 Bg4 11. Bb2 Rc8 12. h3 Bh5 13. Rc1 Bd6 14. Be2 {D32: Tarrasch Defence: Sidelines and lines without g3} Bb8 15. Nb5 {[%cal Bc3b5,Bb5d4,Bd4f3][%mdl 32]} (15. Nh4 Bg6 16. Nxg6 hxg6 17. Bf3 Qd6 18. g3 Rcd8 19. Nb5 Qd7 {½-½ (57) Fressinet,L (2667)-Grigoryan,K (2584) Barcelona 2017}) 15... Ne4 16. Nbd4 $146 ({Predecessor:} 16. Nd2 Nxd2 17. Qxd2 Bxe2 18. Qxe2 a6 19. Nd4 Nxd4 20. Bxd4 Qd6 21. g3 Qe6 22. Qg4 Qxg4 23. hxg4 Rxc1 24. Rxc1 f6 25. Rd1 Bc7 26. Bc5 {½-½ (26) Kirsanov,V (2241)-Shabaev,V (2053) ICCF email 2016}) 16... Bxf3 17. Nxf3 Qd6 18. Bd3 f5 19. Qe2 Rcd8 20. Bb5 Ng5 21. Rfd1 Nxf3+ 22. Qxf3 Qh2+ 23. Kf1 Ne7 $1 24. Ba3 Bd6 25. Bxd6 Rxd6 (25... Qxd6 $14 26. g3 a6) 26. Qf4 (26. Rc7 $16 Re6 27. g3 (27. Rxb7 f4 $11)) 26... Qxf4 $14 27. exf4 a6 28. Rc7 Ng6 29. Bd3 Nxf4 30. Rxb7 Rc6 31. Ra7 Rff6 32. h4 Ng6 (32... h5 $14) 33. g3 f4 {White should prevent ...fxg3.} 34. Bxg6 hxg6 35. gxf4 Rxf4 36. Rxd5 $16 {[%mdl 4096] Endgame And now Rd8+ would win. KRR-KRR} Rc2 $2 {[%mdl 8192] [#]} ({Black should play} 36... Rc1+ $1 $14 37. Ke2 Rc2+ 38. Kd3 Rfxf2) 37. Rd8+ $1 $18 ({Inferior is} 37. Rxa6 Rfxf2+ 38. Kg1 Rg2+ 39. Kh1 Rh2+ 40. Kg1 Rhg2+ 41. Kf1 Rh2 $11) 37... Kh7 $2 {[#]} (37... Rf8 38. Rxf8+ Kxf8 39. Rxa6 Rb2) 38. Rdd7 $2 ({White has to play} 38. Raa8 $1 $18 {[%csl Ga8][%cal Rd8h8]} Rcxf2+ 39. Ke1 Rf1+ 40. Kd2) 38... Rfxf2+ $11 {The position is equal.} 39. Ke1 Kh6 40. Rxg7 {[%csl Ga7][%cal Rg7h7]} Kh5 41. Rh7+ Kg4 {( -> ...Rh2)} 42. Rxa6 {Accuracy: White = 67%, Black = 50%.} 1/2-1/2

[Event "HUN-ch Rapid 2019"]
[Site "Ajka"]
[Date "2019.07.20"]
[Round "5.9"]
[White "Deak, Sandor"]
[Black "Medvegy, Zoltan"]
[Result "0-1"]
[WhiteElo "2279"]
[BlackElo "2539"]
[Annotator "TA"]
[PlyCount "55"]
[EventDate "2019.07.18"]
[EventType "swiss"]
[EventCountry "HUN"]
[SourceTitle "playchess.com"]
[Source "ChessBase"]
[SourceQuality "1"]

{[%evp 14,55,16,18,34,0,35,28,75,79,144,22,57,49,48,66,59,46,58,-18,0,-15,140,95,141,139,170,155,176,172,191,200,237,237,223,187,285,218,365,364,903,900,1505,1450]} 1. e4 c5 2. Nf3 e6 3. d4 cxd4 4. Nxd4 Nc6 5. Nc3 Qc7 6. Be3 a6 7. a3 b5 8. f4 Bb7 {B48: Sicilian: Taimanov: 5 Nc3 Qc7 6 Be3 a6 without Be2} 9. Be2 (9. Nb3 Na5 10. Nxa5 Qxa5 11. Bd3 Qc7 12. O-O Nf6 13. Qe2 Bc5 14. Bxc5 Qxc5+ 15. Kh1 d5 16. e5 {½-½ (41) Nakamura,H (2780)-Harikrishna,P (2738) Palma de Mallorca 2017}) 9... Rc8 10. O-O d6 {White has an edge.} 11. Bh5 $146 {aiming for Nxe6.} ({Predecessor:} 11. f5 Nxd4 12. Bxd4 e5 13. Be3 Nf6 14. Qd3 h6 15. Rad1 Be7 16. Rf2 O-O 17. Bf3 Qc4 {1-0 (44) Quarracino,C (2272)-Diaz,D (2077) Villa Ballester 2004}) 11... g6 (11... Nxd4 $142 12. Bxd4 (12. Qxd4 Nf6 $11) 12... Nf6) 12. Be2 (12. Nxc6 $1 $16 {Threatens to win with Qd4.} Bxc6 13. f5) 12... Be7 13. f5 $36 {[%mdl 2048] Black is under pressure.} gxf5 14. Nxc6 Bxc6 15. exf5 e5 16. Bf3 (16. a4 $14 bxa4 17. Nxa4) 16... Nf6 $11 17. Bg5 Nd7 $2 (17... Qa7+ $11 18. Rf2 e4 19. Bxf6 Bxf6 20. Qxd6 (20. Bxe4 Bd4 $15) 20... Bd4) 18. f6 Bf8 {[#]} ({Not} 18... Bxf6 $2 19. Bxf6 Nxf6 20. Bxc6+ Qxc6 21. Rxf6 $18) ({Wrong is} 18... Nxf6 $2 19. Bxc6+ Qxc6 20. Bxf6 $18) 19. Nd5 $1 {[%cal Rd5c7]} Bxd5 20. Bxd5 Nb6 {[#] And now ...Qc5+ would win.} 21. Be4 $1 d5 22. Bf5 Rd8 23. Qh5 Nc4 24. b3 Nd6 (24... Bc5+ $142 25. Kh1 Ne3) 25. Be6 h6 (25... Ne4 {was necessary.} 26. Be3 Nc5) 26. Be3 {[%mdl 64] Discovered Attack} d4 $2 (26... Ne4 27. c4 bxc4 28. bxc4 Bc5) 27. Qxe5 $18 dxe3 28. Bg4+ {[%mdl 32768] Accuracy: White = 53%, Black = 15%. . Loss on time!?} 0-1